000 00366nab a22001217u 4500
008 130520b1983 xxu||||| |||| 00| 0 spa d
041 _aspa
100 1 _aHuizing, Peter
_911360
245 0 0 _aTrayectoria del derecho canónico
_cPeter Huizing, Knut Walf
700 1 _aWalf, Knut
_931528
773 0 _tConcilium
_gV.3,1983,págs.528-539
_x0210-1041
_wRev134
942 _cAR
999 _c355024
_d355024